|
|
|
|
| LEADER |
00000naa2a2200000 4500 |
| 001 |
146787 |
| 005 |
20231031144752.0 |
| 035 |
|
|
|a (RuTPU)RU\TPU\book\159115
|
| 090 |
|
|
|a 146787
|
| 100 |
|
|
|a 20081105d2003 k y0rusy50 ca
|
| 101 |
0 |
|
|a rus
|
| 102 |
|
|
|a RU
|
| 200 |
1 |
|
|a Реализация тестовой оболочки портала образовательных услуг
|f В. В. Остапенко, Д. В. Остапенко
|
| 463 |
|
0 |
|0 (RuTPU)RU\TPU\book\66157
|y 5-98928-001-3
|t Молодежь и современные информационные технологии
|o Сборник трудов региональной научно-практической конференции студентов, г.Томск, 25-26 февраля 2003 г.
|f Томский политехнический университет
|v С. 184
|d 2003
|p 190 с.
|
| 610 |
1 |
|
|a образовательные услуги
|
| 610 |
1 |
|
|a тесты
|
| 610 |
1 |
|
|a дистанционное обучение
|
| 610 |
1 |
|
|a порталы
|
| 610 |
1 |
|
|a образовательные порталы
|
| 610 |
1 |
|
|a труды учёных ТПУ
|
| 700 |
|
1 |
|a Остапенко
|b В. В.
|
| 701 |
|
1 |
|a Остапенко
|b Д. В.
|
| 801 |
|
1 |
|a RU
|b 63413507
|c 20081105
|g PSBO
|
| 942 |
|
|
|c BK
|